000 00683nam a2200265Ia 4500
001 45364
005 20240114003709.0
007 ta
008 090310s1972 a g b000 u 903 u
020 _cHB
040 _aCotton College,Assam
041 _a903
082 _a711.4
_bDEN
100 _aDennis, Norman .
245 0 _aPublic Participation and Planners` Blight /
_cNorman Dennis.
_hTextual Documents
250 _a1st ed /
260 _aLondon :
_bFaber and Faber ,
_c1972.
300 _a352p. :
_bIn 2 M ;
_c23 cm .
504 _aIndex
653 _aT/G-Fine Arts
653 _aFine Art
942 _2ddc
_cBK
999 _c45329
_d45329